000 00446nam a2200181Ia 4500
001 18918
005 20260306171705.0
008 260306s9999||||xx |||||||||||||| ||und||
041 _aESP
082 _a658.562
_bF38
100 _aFerrando Sánchez, Miguel
_eAUT
245 0 _aCalidad total:
_bmodelo EFQM de excelencia
260 _c2008
300 _a123 páginas :
_c23 cm.
650 _aGEN
654 _aCAN
942 _cLIB
_dJUS
_fJUS
_2ddc
_n
999 _c18918
_d18918